<?xml version="1.0" encoding="UTF-8"?>
<collection xmlns:xsi="http://www.w3.org/2001/XMLSchema-instance" xsi:schemaLocation="http://www.loc.gov/MARC21/slim http://www.loc.gov/standards/marcxml/schema/MARC21slim.xsd" xmlns="http://www.loc.gov/MARC21/slim">
 <record>
  <leader>00000dgc a22000003a 4500</leader>
  <controlfield tag="001">UP-1685594773861710151</controlfield>
  <controlfield tag="003">Buklod</controlfield>
  <controlfield tag="005">20241202110036.0</controlfield>
  <controlfield tag="006">j|||||||||||||| | </controlfield>
  <controlfield tag="007">ta</controlfield>
  <controlfield tag="008">150912s2001    cau||| |     ||   m|eng d</controlfield>
  <datafield tag="020" ind1=" " ind2=" ">
   <subfield code="a">0792850947</subfield>
  </datafield>
  <datafield tag="035" ind1=" " ind2=" ">
   <subfield code="a">(iLib)UPBAG-00005842841</subfield>
  </datafield>
  <datafield tag="037" ind1=" " ind2=" ">
   <subfield code="a">VDR-611</subfield>
  </datafield>
  <datafield tag="040" ind1=" " ind2=" ">
   <subfield code="a">BAG</subfield>
   <subfield code="e">rda</subfield>
  </datafield>
  <datafield tag="041" ind1="0" ind2=" ">
   <subfield code="a">eng</subfield>
  </datafield>
  <datafield tag="090" ind1=" " ind2=" ">
   <subfield code="a">VDR-611</subfield>
  </datafield>
  <datafield tag="245" ind1="0" ind2="0">
   <subfield code="a">What's the worst that could happen?</subfield>
   <subfield code="h">[videorecording]</subfield>
   <subfield code="c">Metro-Goldwyn-Mayer ; directed by Sam Weisman ; written by Donald E. Westlake and Matthew Chapman.</subfield>
  </datafield>
  <datafield tag="264" ind1=" " ind2="1">
   <subfield code="a">Sta. Monica, California</subfield>
   <subfield code="b">Metro-Goldwyn-Mayer Pictures Inc.</subfield>
   <subfield code="c">2001.</subfield>
  </datafield>
  <datafield tag="300" ind1=" " ind2=" ">
   <subfield code="a">1 videodisc (98 min.)</subfield>
   <subfield code="b">sound, color</subfield>
   <subfield code="c">4 3/4 in.</subfield>
  </datafield>
  <datafield tag="508" ind1=" " ind2=" ">
   <subfield code="a">Co-producer, Peaches Davis ; Music supervisor, Anita Camarata ; Editors, Garth Graven, Nick Moore ; Executive producers, John Morrissey, Martin Lawrence, David Nicksay.</subfield>
  </datafield>
  <datafield tag="511" ind1="1" ind2=" ">
   <subfield code="a">Martin Lawrence, Danny DeVito, John Leguizamo, Glenne Headly, Carmen Ejogo, Bernie Mac, Larry Miller, Nora Dunn and Richard Schiff.</subfield>
  </datafield>
  <datafield tag="520" ind1=" " ind2=" ">
   <subfield code="a">Possession may be 9/10 of the law... but payback is everything to the lawless. Martin Lawrence and Danny Devito escalate a battle of egos- and a battalion of laughs - to epic proportions in this fast-paced joke-fest that takes low-down behavior to hilarious new heigths! Caught red-handed trying to rob a mansion, Kevin Caffery leaves empty-handed when the house's owner, ruthless billionaire Max Fairbanks spies Kevin's lucky ring and claims it as his own! Out of jail and out of his mind with rage, Kevin will do anything to get the ring back. But Max considers it his most cleverly won possession and will do anything to keep it! With battle lines drawn and no risk too great, these two set out to ruin each other's lives...and both succeed admirably.</subfield>
  </datafield>
  <datafield tag="538" ind1=" " ind2=" ">
   <subfield code="a">Dolby digital.</subfield>
  </datafield>
  <datafield tag="546" ind1=" " ind2=" ">
   <subfield code="a">In English.</subfield>
  </datafield>
  <datafield tag="650" ind1=" " ind2="0">
   <subfield code="a">Comedy films.</subfield>
  </datafield>
  <datafield tag="700" ind1="1" ind2=" ">
   <subfield code="a">Weisman, Sam</subfield>
   <subfield code="e">diretor.</subfield>
  </datafield>
  <datafield tag="700" ind1="1" ind2=" ">
   <subfield code="a">Turman, Lawrence</subfield>
   <subfield code="e">producer.</subfield>
  </datafield>
  <datafield tag="700" ind1="1" ind2=" ">
   <subfield code="a">Hoberman, David</subfield>
   <subfield code="e">producer.</subfield>
  </datafield>
  <datafield tag="700" ind1="1" ind2=" ">
   <subfield code="a">Amritraj, Ashok</subfield>
   <subfield code="e">producer.</subfield>
  </datafield>
  <datafield tag="700" ind1="1" ind2=" ">
   <subfield code="a">Dytman, Wendy</subfield>
   <subfield code="e">producer.</subfield>
  </datafield>
  <datafield tag="905" ind1=" " ind2=" ">
   <subfield code="a">FO</subfield>
  </datafield>
  <datafield tag="852" ind1="0" ind2=" ">
   <subfield code="a">UPBAG</subfield>
   <subfield code="b">UPBAG-MAIN</subfield>
   <subfield code="h">BC-VDR-611</subfield>
  </datafield>
  <datafield tag="942" ind1=" " ind2=" ">
   <subfield code="a">Visual Material</subfield>
  </datafield>
 </record>
</collection>
